Statistics for English Premier League Teams Nine Seasons Quiz

Click here to take the quiz!

General Stats

  • This quiz has been taken 133 times
  • The average score is 31 of 35

Answer Stats

HintAnswer% Correct
BPLArsenal
98%
BPLManchester United
97%
BPLAston Villa
97%
BPLSunderland
96%
BPLNewcastle United
96%
BPLLiverpool
96%
BPLWest Ham United
95%
BPLEverton
94%
BPLChelsea
94%
BPLWest Bromwich Albion
93%
BPLSouthampton
93%
BPLNorwich City
93%
BPLManchester City
93%
FLCFulham
93%
BPLSwansea City
92%
FLCWolverhampton Wanderers
90%
League 2Portsmouth
89%
FLCQueens Park Rangers
89%
FLCCardiff City
88%
FLCBurnley
88%
BPLWatford
88%
BPLStoke City
87%
BPLLeicester City
87%
BPLTottenham Hotspurs
86%
FLCBolton
85%
BPLCrystal Palace
85%
League 1Blackpool
85%
FLCBlackburn Rovers
85%
FLCBirmingham City
84%
BPLBournemouth
83%
FLCHull City
82%
League 1Wigan Athletic
81%
FLCReading
81%
FLCMiddlesbrough
81%
FLCDerby County
58%

Score Distribution

Percentile by Number Answered

Percent of People with Each Score

Your Score History

You have not taken this quiz